Statistiques concernant Personnages célèbres - Série 61

Cliquez ici pour prendre le quiz!

Statistiques générales

  • Ce quiz a été pris 71 fois
  • Le résultat moyen est 8 sur 15

Statistiques - réponses

Réponse% Correct
Bachelot
97%
Thuram
91%
Lacour
82%
Gaultier
77%
Hélène
72%
Lauby
71%
Astier
62%
Ducret
52%
Godrèche
52%
Lambert
51%
Masiero
32%
Karsenti
25%
Gélinas
17%
Spiesser
14%
Rocha
5%

Distribution des résultats

Percentile par nombre de réponses

% des personnes avec chaque résultat

Votre développement - résultats

Vous n’avez pas pris ce quiz